Normal view
MARC view
- القدرات الابداعية - ادارة الموارد البشرية - مستشفى الملك المؤسس عبدالله - الاردن
Entry Topical Term
001 - CONTROL NUMBER
- control field: 59656
003 - CONTROL NUMBER IDENTIFIER
- control field: JO-AjAnu
005 - DATE AND TIME OF LATEST TRANSACTION
- control field: 20230606083744.0
008 - FIXED-LENGTH DATA ELEMENTS
- fixed length control field: 230606|| aca||aabn | a|a d
040 ## - CATALOGING SOURCE
- Original cataloging agency: JO-AjAnu
- Transcribing agency: JO-AjAnu
150 ## - HEADING--TOPICAL TERM
- Topical term or geographic name entry element: القدرات الابداعية - ادارة الموارد البشرية - مستشفى الملك المؤسس عبدالله - الاردن
670 ## - SOURCE DATA FOUND
- Source citation: Work cat.: (JO-AjAnu)30424: اعداد: السيلاوي، هديل هاني حسين؛ اشراف: علي فلاح مفلح الزعبي, author 59655, اثر ممارسات ادارة الموارد البشرية الخضراء على القدرات الابداعية لدى العاملين في مستشفى الملك المؤسس عبدالله الجامعي في الاردن = The Impact of Green Human Resource Management Parctices on the Creative Capabilities of Employees in King Abdullah University H